000 00947nam a2200229Ia 4500
001 8429
003 GE_BSU
008 181216s||||||||xx |||||||||||||| ||und||
040 _cGE_BSU
080 _a821.353.1-11
100 _aვაჟა-ფშაველა
245 _aხუთი პოემა.
245 _cსარედ. კოლეგია:ივანე გიგინეიშვილი; ჯუმბერ ჭუმბურიძე; რედ: გრიგოლ კიკნაძე.
250 _aვაჟა–ფშაველას კაბინეტი.
260 _aთბილისი.
260 _bუნ–ტის გამ–ბა.
260 _c1975
300 _a461 გვ; ილ; 22 სმ.
300 _bლექსიკონი, კომენტარები, ძირითადი ლიტ: გვ. 403–459.
653 _aხუთი პოემა.
942 _cBK
999 _c41748
_d41748